[Event "CZE-chT2B 1314"]
[Site "Czech Republic"]
[Date "2014.03.02"]
[Round "9.8"]
[White "Chrz, Pavel"]
[Black "Smolik, Boris"]
[Result "1/2-1/2"]
[WhiteElo "2090"]
[BlackElo "1954"]
[PlyCount "75"]
[EventDate "2013.11.03"]
[EventType "team-tourn"]
[EventRounds "11"]
[EventCountry "CZE"]
[SourceTitle "EXT 2015"]
[Source "ChessBase"]
[SourceDate "2014.11.20"]
[SourceVersion "1"]
[SourceVersionDate "2014.11.20"]
[SourceQuality "1"]
[WhiteTeam "Usti nad Labem"]
[BlackTeam "Litvinov Lom"]
[WhiteTeamCountry "CZE"]
[BlackTeamCountry "CZE"]

1. e4 c5 2. Nc3 Nc6 3. Nf3 g6 4. d4 cxd4 5. Nxd4 Bg7 6. Be3 Nf6 7. Bc4 d6 8. f3 0-0 9. Qd2 a6 10. 0-0-0 Bd7 11. Kb1 Na5 12. Bb3 b5 13. Bh6 Nc4 14. Qg5 Rc8 15. Nf5 Bxf5 16. exf5 Rc5 17. g4 e6 18. Rhg1 Bxh6 19. Qxh6 exf5 20. g5 Nh5 21. Rd4 Re8 22. Nd5 Re5 23. Rgd1 Rexd5 24. Rxd5 Rxd5 25. Rxd5 Qe7 26. a4 Nd2+ 27. Ka2 Nxb3 28. cxb3 bxa4 29. Rd3 d5 30. bxa4 Qd7 31. Rd4 a5 32. Kb1 Qc6 33. Rh4 Qc5 34. Rxh5 gxh5 35. Qf6 d4 36. Qd8+ Kg7 37. Qf6+ Kg8 38. Qd8+ 1/2-1/2

[Event "CZE-chT2B 1314"]
[Site "Czech Republic"]
[Date "2014.01.05"]
[Round "5.8"]
[White "Franek, Jan1111"]
[Black "Smolik, Boris"]
[Result "1-0"]
[WhiteElo "1994"]
[BlackElo "1954"]
[PlyCount "47"]
[EventDate "2013.11.03"]
[EventType "team-tourn"]
[EventRounds "11"]
[EventCountry "CZE"]
[SourceTitle "EXT 2015"]
[Source "ChessBase"]
[SourceDate "2014.11.20"]
[SourceVersion "1"]
[SourceVersionDate "2014.11.20"]
[SourceQuality "1"]
[WhiteTeam "Praha Bohemians II"]
[BlackTeam "Litvinov Lom"]
[WhiteTeamCountry "CZE"]
[BlackTeamCountry "CZE"]

1. e4 c5 2. Nf3 Nc6 3. Bb5 g6 4. 0-0 Bg7 5. c3 e5 6. d4 cxd4 7. cxd4 Nxd4 8. Nxd4 exd4 9. e5 Qb6 10. Na3 Kf8 11. Qf3 Bxe5 12. Re1 d6 13. Bf4 Kg7 14. Nc4 Qxb5 15. Nxe5 Be6 16. Nd3 Rd8 17. Qg3 Qb6 18. Bg5 Rd7 19. Nf4 Bf5 20. Re8 Qxb2 21. Rae1 Qc3 22. Qh4 h6 23. Rxg8+ Kxg8 24. Re8+ 1-0

[Event "Teplice op 8th"]
[Site "Teplice"]
[Date "2013.06.21"]
[Round "7"]
[White "Stone, Andrew"]
[Black "Smolik, Boris"]
[Result "1-0"]
[WhiteElo "2202"]
[BlackElo "1964"]
[PlyCount "61"]
[EventDate "2013.06.15"]
[EventType "swiss"]
[EventRounds "9"]
[EventCountry "CZE"]
[SourceTitle "CBM 155 Extra"]
[Source "ChessBase"]
[SourceDate "2013.08.26"]
[SourceVersion "1"]
[SourceVersionDate "2013.08.26"]
[SourceQuality "1"]

1. c4 Nf6 2. g3 g6 3. Bg2 Bg7 4. Nc3 0-0 5. d4 d6 6. Nf3 c5 7. dxc5 dxc5 8. 0-0 Nc6 9. Bd2 Bd7 10. Qc1 Qc8 11. Rd1 Bh3 12. Bh1 Rd8 13. Be3 Qf5 14. Nh4 Qg4 15. b3 Nd4 16. Bxb7 Rab8 17. Bf3 Nxf3+ 18. Nxf3 Ne4 19. Nd5 Rxd5 20. cxd5 Nc3 21. Qd2 Qe4 22. Rac1 Nxd1 23. Qxd1 Rd8 24. Rxc5 e6 25. d6 Bf8 26. Rc4 Rxd6 27. Qxd6 Qb1+ 28. Rc1 Qxc1+ 29. Bxc1 Bxd6 30. Ng5 Bg4 31. f3 1-0

[Event "Teplice op 8th"]
[Site "Teplice"]
[Date "2013.06.16"]
[Round "2"]
[White "Smolik, Boris"]
[Black "Kochert, Bedrich"]
[Result "1-0"]
[WhiteElo "1964"]
[BlackElo "1736"]
[PlyCount "31"]
[EventDate "2013.06.15"]
[EventType "swiss"]
[EventRounds "9"]
[EventCountry "CZE"]
[SourceTitle "CBM 155 Extra"]
[Source "ChessBase"]
[SourceDate "2013.08.26"]
[SourceVersion "1"]
[SourceVersionDate "2013.08.26"]
[SourceQuality "1"]

1. e4 e5 2. f4 Bc5 3. Nf3 d5 4. exd5 Nf6 5. fxe5 Nxd5 6. d4 Be7 7. c4 Bb4+ 8. Bd2 Bxd2+ 9. Qxd2 Ne7 10. Nc3 0-0 11. Bd3 c6 12. 0-0 Bf5 13. Rad1 Bxd3 14. Qxd3 Qd7 15. Ng5 g6 16. Nce4 1-0

[Event "Hradec Kralove op"]
[Site "Hradec Kralove"]
[Date "2013.05.18"]
[Round "5"]
[White "Veselsky, Jan"]
[Black "Smolik, Boris"]
[Result "0-1"]
[WhiteElo "1694"]
[BlackElo "1978"]
[PlyCount "106"]
[EventDate "2013.05.15"]
[EventType "swiss"]
[EventRounds "9"]
[EventCountry "CZE"]
[SourceTitle "CBM 154 Extra"]
[Source "ChessBase"]
[SourceDate "2013.06.25"]
[SourceVersion "2"]
[SourceVersionDate "2013.06.25"]
[SourceQuality "1"]

1. d4 Nf6 2. c4 g6 3. Nc3 d5 4. cxd5 Nxd5 5. e4 Nxc3 6. bxc3 Bg7 7. Bc4 c5 8. Ne2 0-0 9. 0-0 Nc6 10. Be3 Na5 11. Bd3 c4 12. Bc2 b5 13. Qd2 Nc6 14. Bh6 a5 15. Bxg7 Kxg7 16. d5 e5 17. Rfd1 Na7 18. a4 Qd6 19. axb5 Nxb5 20. Rdb1 Na3 21. Rb2 Nxc2 22. Qxc2 f5 23. Rba2 Qc5 24. Rd1 fxe4 25. Qxe4 Qxf2+ 26. Kh1 Qf5 27. Qxc4 Ba6 28. Qc5 Qf2 29. Qe7+ Kh6 30. h3 Rae8 31. Qa3 Bxe2 32. Qc1+ Kg7 33. Re1 Qxe1+ 34. Qxe1 Rf1+ 35. Qxf1 Bxf1 36. Rxa5 e4 37. Kg1 Bd3 38. d6 Rd8 39. Rd5 Kf6 40. Kf2 Ke6 41. Rc5 Rxd6 42. Rc7 Rd7 43. Rc6+ Kd5 44. Rc8 Re7 45. Ke3 Kd6 46. c4 Rc7 47. Rd8+ Ke7 48. Rb8 Kf6 49. Rf8+ Kg7 50. Re8 h5 51. g3 Rxc4 52. Re6 Rc7 53. h4 Rf7 0-1

[Event "CZE-chT2A 1213"]
[Site "Czech Republic"]
[Date "2013.03.24"]
[Round "11.7"]
[White "Smolik, Boris"]
[Black "Lorenc, Tomas"]
[Result "1/2-1/2"]
[WhiteElo "1981"]
[BlackElo "2126"]
[PlyCount "51"]
[EventDate "2012.10.14"]
[EventType "team-tourn"]
[EventRounds "11"]
[EventCountry "CZE"]
[SourceTitle "EXT 2015"]
[Source "ChessBase"]
[SourceDate "2014.11.20"]
[SourceVersion "1"]
[SourceVersionDate "2014.11.20"]
[SourceQuality "1"]
[WhiteTeam "Litvinov Lom"]
[BlackTeam "Karlovy Vary"]
[WhiteTeamCountry "CZE"]
[BlackTeamCountry "CZE"]

1. Nf3 Nf6 2. g3 b5 3. Bg2 Bb7 4. 0-0 e6 5. d4 Be7 6. a4 b4 7. c4 0-0 8. Nbd2 c5 9. e3 Qc7 10. b3 Ne4 11. Bb2 f5 12. Qc2 Bf6 13. Ne5 Nxd2 14. Bxb7 Qxb7 15. Qxd2 d6 16. Nd3 Nd7 17. Nf4 Rae8 18. d5 e5 19. Ne6 Rf7 20. f4 e4 21. h3 Nf8 22. Nxf8 Rexf8 23. Rf2 Qe7 24. Rg2 Bxb2 25. Qxb2 Qf6 26. Qxf6 1/2-1/2

[Event "CZE-chT2A 1213"]
[Site "Czech Republic"]
[Date "2013.02.03"]
[Round "8.7"]
[White "Smolik, Boris"]
[Black "Husak, Antonin"]
[Result "1/2-1/2"]
[WhiteElo "1981"]
[BlackElo "1969"]
[PlyCount "98"]
[EventDate "2012.10.14"]
[EventType "team-tourn"]
[EventRounds "11"]
[EventCountry "CZE"]
[SourceTitle "EXT 2015"]
[Source "ChessBase"]
[SourceDate "2014.11.20"]
[SourceVersion "1"]
[SourceVersionDate "2014.11.20"]
[SourceQuality "1"]
[WhiteTeam "Litvinov Lom"]
[BlackTeam "Tachov"]
[WhiteTeamCountry "CZE"]
[BlackTeamCountry "CZE"]

1. d4 Nf6 2. c4 c5 3. Nf3 g6 4. Nc3 cxd4 5. Nxd4 Bg7 6. g3 0-0 7. Bg2 Nc6 8. 0-0 a6 9. e3 Rb8 10. a4 e6 11. Nde2 Qc7 12. Rb1 b6 13. b3 Bb7 14. Ba3 Rbd8 15. Bd6 Qc8 16. Bxf8 Bxf8 17. e4 Nb4 18. Nf4 Qc7 19. Qe2 h5 20. h3 Bg7 21. e5 Bxg2 22. Nxg2 Ne8 23. f4 d5 24. Rbd1 Bf8 25. g4 hxg4 26. hxg4 Bc5+ 27. Kh2 d4 28. Ne4 a5 29. Ne1 Qe7 30. Kg3 f5 31. Nxc5 bxc5 32. Nd3 Ng7 33. Rh1 Rf8 34. Nxb4 axb4 35. g5 Rd8 36. Rd3 Qb7 37. Qf3 Qe4 38. Kf2 Nh5 39. Rh4 Kg7 40. Kf1 Rh8 41. Kf2 Kg8 42. Rd1 Rh7 43. Re1 Qb7 44. Qxb7 Rxb7 45. Rd1 Kf8 46. Rd3 Kg8 47. Ke2 Rh7 48. Kd2 Rd7 49. Rf3 Rh7 1/2-1/2

[Event "Liberec op 13th"]
[Site "Liberec"]
[Date "2012.10.23"]
[Round "5"]
[White "Smolik, Boris"]
[Black "Kozak, Milos"]
[Result "1/2-1/2"]
[WhiteElo "1981"]
[BlackElo "2153"]
[PlyCount "51"]
[EventDate "2012.10.20"]
[EventType "swiss"]
[EventRounds "9"]
[EventCountry "CZE"]
[SourceTitle "EXT 2013"]
[Source "ChessBase"]
[SourceDate "2012.11.22"]
[SourceVersion "1"]
[SourceVersionDate "2012.11.22"]
[SourceQuality "1"]

1. d4 Nf6 2. c4 e6 3. Nf3 b6 4. g3 Ba6 5. Qa4 Bb7 6. Bg2 c5 7. 0-0 cxd4 8. Nxd4 Bxg2 9. Kxg2 Qc8 10. Nc3 Be7 11. Bf4 Qb7+ 12. f3 a6 13. e4 Nc6 14. Rfd1 0-0 15. Nxc6 dxc6 16. Bd6 b5 17. cxb5 cxb5 18. Qb4 Bxd6 19. Rxd6 Rfd8 20. Rad1 Qc7 21. Qd4 Rxd6 22. Qxd6 Qxd6 23. Rxd6 Kf8 24. e5 Ke7 25. Rc6 Kd7 26. Rd6+ 1/2-1/2

[Event "Zdar nad Sazavou Vysocina op 8th"]
[Site "Zdar nad Sazavou"]
[Date "2011.09.27"]
[Round "4"]
[White "Smolik, Boris"]
[Black "Jelinek, Vaclav"]
[Result "0-1"]
[WhiteElo "1952"]
[BlackElo "2041"]
[PlyCount "66"]
[EventDate "2011.09.24"]
[EventType "swiss"]
[EventRounds "9"]
[EventCountry "CZE"]
[SourceTitle "CBM 144 Extra"]
[Source "ChessBase"]
[SourceDate "2011.10.28"]
[SourceVersion "1"]
[SourceVersionDate "2011.10.28"]
[SourceQuality "1"]

1. d4 g6 2. c4 Bg7 3. Nc3 Nf6 4. e4 d6 5. Nf3 0-0 6. Be2 e5 7. 0-0 Nc6 8. d5 Ne7 9. b4 Nd7 10. Re1 f5 11. Ng5 Nf6 12. Bf3 f4 13. c5 Ne8 14. Bg4 Bf6 15. Ne6 Bxe6 16. Bxe6+ Kh8 17. f3 Ng7 18. Bh3 g5 19. a4 Ng6 20. Ba3 Be7 21. Rc1 h5 22. cxd6 cxd6 23. Nb5 g4 24. fxg4 f3 25. gxf3 Nf4 26. Bg2 Qb6+ 27. Kh1 Nxg2 28. Kxg2 hxg4 29. fxg4 Rf2+ 30. Kh1 Raf8 31. Rc2 Bh4 32. Rg1 Qe3 33. Re1 Qh3 0-1

[Event "Hradec Kralove Sten op"]
[Site "Hradec Kralove"]
[Date "2011.05.10"]
[Round "3"]
[White "Meszaros, Ludek"]
[Black "Smolik, Boris"]
[Result "1-0"]
[WhiteElo "2175"]
[BlackElo "1917"]
[PlyCount "71"]
[EventDate "2011.05.08"]
[EventType "swiss"]
[EventRounds "9"]
[EventCountry "CZE"]
[SourceTitle "CBM 142 Extra"]
[Source "ChessBase"]
[SourceDate "2011.06.27"]
[SourceVersion "1"]
[SourceVersionDate "2011.06.27"]
[SourceQuality "1"]

1. d4 d5 2. Nf3 Nf6 3. c4 e6 4. Nc3 c6 5. Bg5 Nbd7 6. e3 Qa5 7. Nd2 Bb4 8. Qc2 0-0 9. Be2 dxc4 10. Bxf6 Nxf6 11. Nxc4 Qc7 12. 0-0 Nd5 13. Bf3 Bd7 14. g3 Rac8 15. Ne4 f5 16. Nc5 Bxc5 17. dxc5 e5 18. Nd6 Rb8 19. Bxd5+ cxd5 20. Qc3 Rf6 21. Qxe5 Bc6 22. Qd4 b6 23. b4 a5 24. a3 Qd7 25. Rfd1 Rbf8 26. Qf4 h6 27. h4 Rg6 28. Nc4 Re6 29. Nxb6 Qb7 30. Rd4 Re4 31. Qf3 g5 32. hxg5 hxg5 33. Rad1 g4 34. Qe2 Qg7 35. Rxe4 fxe4 36. b5 1-0

[Event "Zdar nad Sazavou Vysocina op 7th"]
[Site "Zdar nad Sazavou"]
[Date "2010.09.28"]
[Round "5"]
[White "Smolik, Boris"]
[Black "Paldus, Petr"]
[Result "1-0"]
[WhiteElo "1863"]
[BlackElo "2066"]
[PlyCount "61"]
[EventDate "2010.09.25"]
[EventType "swiss"]
[EventRounds "9"]
[EventCountry "CZE"]
[SourceTitle "CBM 138 Extra"]
[Source "ChessBase"]
[SourceDate "2010.10.29"]
[SourceVersion "1"]
[SourceVersionDate "2010.10.29"]
[SourceQuality "1"]

1. d4 d6 2. Nf3 Nf6 3. c4 g6 4. Nc3 Bg7 5. e4 0-0 6. Be2 Nbd7 7. 0-0 e5 8. d5 h6 9. b4 Nh7 10. Ne1 a5 11. bxa5 Rxa5 12. Be3 f5 13. f3 f4 14. Bf2 Nc5 15. Nd3 Nxd3 16. Qxd3 Qg5 17. Rfb1 b6 18. Nb5 Bh3 19. Bf1 Rc8 20. Nxc7 Rxc7 21. Bxb6 Rca7 22. Bxa5 Rxa5 23. Rb8+ Bf8 24. Qc3 Ra4 25. c5 dxc5 26. Qxc5 Rd4 27. Kh1 Bd7 28. Qd6 Ba4 29. Qe6+ Kg7 30. Rb7+ Kh8 31. Qf7 1-0

[Event "Teplice op 5th"]
[Site "Teplice"]
[Date "2010.06.20"]
[Round "9"]
[White "Bazantova, Marie"]
[Black "Smolik, Boris"]
[Result "1/2-1/2"]
[WhiteElo "1969"]
[BlackElo "1843"]
[PlyCount "61"]
[EventDate "2010.06.12"]
[EventType "swiss"]
[EventRounds "9"]
[EventCountry "CZE"]
[SourceTitle "CBM 136 Extra"]
[Source "ChessBase"]
[SourceDate "2010.07.02"]
[SourceVersion "2"]
[SourceVersionDate "2010.07.15"]
[SourceQuality "1"]

1. e4 e6 2. d4 d5 3. exd5 exd5 4. c4 Bb4+ 5. Nc3 Ne7 6. Nf3 0-0 7. Bd3 Nbc6 8. 0-0 dxc4 9. Bxc4 Bg4 10. Be3 Nf5 11. Nd5 Ba5 12. Qd3 Nd6 13. Bg5 Qd7 14. Ne5 Nxe5 15. dxe5 Nxc4 16. Qxc4 c6 17. Ne3 Be6 18. Qc2 Bd8 19. Bf4 Bb6 20. Rad1 Qe7 21. Nf5 Qb4 22. Be3 Bxf5 23. Qxf5 Qxb2 24. Rd2 Qb4 25. Rd7 Rad8 26. Rxb7 Rb8 27. Rd7 Rbd8 28. Rb7 Rb8 29. Rd7 Rbd8 30. Rb7 Rb8 31. Rd7 1/2-1/2

[Event "Teplice op 5th"]
[Site "Teplice"]
[Date "2010.06.19"]
[Round "8"]
[White "Smolik, Boris"]
[Black "Novosadova, Kristyna"]
[Result "1/2-1/2"]
[WhiteElo "1843"]
[BlackElo "2054"]
[PlyCount "60"]
[EventDate "2010.06.12"]
[EventType "swiss"]
[EventRounds "9"]
[EventCountry "CZE"]
[SourceTitle "CBM 136 Extra"]
[Source "ChessBase"]
[SourceDate "2010.07.02"]
[SourceVersion "2"]
[SourceVersionDate "2010.07.15"]
[SourceQuality "1"]

1. d4 Nf6 2. Nf3 e6 3. Bg5 d5 4. c4 c6 5. Nc3 Nbd7 6. cxd5 exd5 7. e3 Qa5 8. Nd2 Bd6 9. Bh4 0-0 10. Bd3 Re8 11. Qc2 h6 12. 0-0 Qc7 13. Nf3 Ng4 14. h3 Nh2 15. Nxh2 Bxh2+ 16. Kh1 g5 17. Bg3 Bxg3 18. fxg3 Qxg3 19. Rf3 Qd6 20. Raf1 Re7 21. Qf2 f6 22. e4 Re8 23. exd5 cxd5 24. Rf5 Rf8 25. Rxd5 Qe7 26. Re1 Qg7 27. Rf5 Nb6 28. Rf3 Bd7 29. Rfe3 f5 30. Qc2 Qxd4 1/2-1/2

[Event "Teplice op 5th"]
[Site "Teplice"]
[Date "2010.06.18"]
[Round "7"]
[White "Smolik, Boris"]
[Black "Thonig, Manfred"]
[Result "1-0"]
[WhiteElo "1843"]
[BlackElo "1626"]
[PlyCount "59"]
[EventDate "2010.06.12"]
[EventType "swiss"]
[EventRounds "9"]
[EventCountry "CZE"]
[SourceTitle "CBM 136 Extra"]
[Source "ChessBase"]
[SourceDate "2010.07.02"]
[SourceVersion "2"]
[SourceVersionDate "2010.07.15"]
[SourceQuality "1"]

1. d4 e6 2. c4 f5 3. g3 Nf6 4. Bg2 Nc6 5. Nf3 d5 6. 0-0 Bd6 7. Nc3 0-0 8. Bg5 Qe8 9. Bxf6 Rxf6 10. cxd5 exd5 11. Nxd5 Rh6 12. Qd2 Nd8 13. Qxh6 gxh6 14. Nf6+ Kf7 15. Nxe8 Kxe8 16. Ne5 Ne6 17. Rad1 Nxd4 18. Rxd4 Bxe5 19. Rd2 c6 20. f4 Bc7 21. e4 Bb6+ 22. Kh1 Ke7 23. exf5 Kf6 24. Be4 a5 25. Re1 a4 26. Bc2 Bc5 27. Re8 Bb6 28. a3 Bc7 29. Rd7 b6 30. Rf8# 1-0

[Event "Teplice op 5th"]
[Site "Teplice"]
[Date "2010.06.15"]
[Round "4"]
[White "Papay, Jindrich"]
[Black "Smolik, Boris"]
[Result "1-0"]
[WhiteElo "2045"]
[BlackElo "1843"]
[PlyCount "119"]
[EventDate "2010.06.12"]
[EventType "swiss"]
[EventRounds "9"]
[EventCountry "CZE"]
[SourceTitle "CBM 136 Extra"]
[Source "ChessBase"]
[SourceDate "2010.07.02"]
[SourceVersion "2"]
[SourceVersionDate "2010.07.15"]
[SourceQuality "1"]

1. e4 e6 2. d4 d5 3. e5 c5 4. c3 Qb6 5. a3 Bd7 6. Nf3 Bb5 7. b4 cxd4 8. cxd4 Bxf1 9. Kxf1 Qa6+ 10. Qe2 Qxe2+ 11. Kxe2 Nd7 12. Be3 Rc8 13. Nbd2 Ne7 14. Rhc1 Nb6 15. Nb3 Nc4 16. Nfd2 b6 17. b5 Nxe3 18. fxe3 f6 19. Rxc8+ Nxc8 20. Rc1 Kd7 21. a4 Bb4 22. Nf3 Ne7 23. Kd3 Rc8 24. g4 Rxc1 25. Nxc1 h6 26. Ne2 Ng6 27. Nf4 fxe5 28. Nxg6 e4+ 29. Ke2 exf3+ 30. Kxf3 Bd6 31. h3 Ke8 32. e4 Kf7 33. Nh4 g5 34. Ng2 dxe4+ 35. Kxe4 Kf6 36. Ne3 Bf4 37. Nc4 Bc7 38. d5 Ke7 39. Ne3 Bd6 40. dxe6 Kxe6 41. Nf5 Bf8 42. Nd4+ Kd6 43. Kf5 Kd5 44. Ne6 Ba3 45. Nxg5 Kc4 46. Nf7 Bc1 47. Nd6+ Kb4 48. Nc8 Kxa4 49. Nxa7 Kb4 50. h4 Kc5 51. g5 hxg5 52. hxg5 Kd6 53. Kf6 Bb2+ 54. Kf7 Kd5 55. g6 Kd6 56. g7 Bxg7 57. Kxg7 Ke7 58. Kg6 Ke6 59. Kg5 Ke5 60. Kg4 1-0